Detalles MARC
| 000 -LÍDER |
| Campo fijo de descripción fija |
01719aam a2200313 i 4500 |
| 001 - NÚMERO DE CONTROL |
| Campo de control |
768714001 |
| 003 - IDENTIFICADOR DEL NÚMERO DE CONTROL |
| Campo de control |
CO-MdFUSB |
| 005 - FECHA Y HORA DE LA ULTIMA TRANSACCIÓN |
| control field |
20220117122904.0 |
| 007 - CAMPO FIJO DE DESCRIPCIÓN FIJA--INFORMACIÓN GENERAL |
| Campo fijo de descripción fija |
ta |
| 008 - ELEMENTOS DE LONGITUD FIJA -- INFORMACIÓN GENERAL |
| Campo fijo de descripción fija -- Información general |
220117t1980 -us |||| |||| 00| 0 eng d |
| 020 ## - NÚMERO INTERNACIONAL NORMALIZADO PARA LIBROS |
| Número Internacional Normalizado del libro |
0851513239 |
| 040 ## - FUENTE DE CATALOGACIÓN |
| Idioma de catalogación |
spa. |
| Agencia de catalogación original |
CO-MdFUSB |
| Agencia que realiza la transcripción |
CO-MdFUSB |
| Agencia que realiza la modificación |
CO-MdFUSBC |
| Convenciones de la descripción |
rda |
| 041 ## - CÓDIGO DE IDIOMA |
| Código de idioma para texto/pista de sonido o título separado |
eng |
| 082 04 - NÚMERO DE CLASIFICACIÓN DECIMAL DEWEY |
| Número de clasificación |
284.2092 |
| Número de la edición del Dewey |
23 |
| Clave de autor-Numero de item |
C168e |
| 100 1# - ASIENTO PRINCIPAL--NOMBRE PERSONAL |
| Nombre personal |
Calvino, Juan (1509-1564) |
| Término relacionador |
autor |
| 245 10 - TÍTULO |
| Título del Material |
Letters of John Calvin |
| Mención de responsabilidad, etc. |
/ John Calvin |
| 264 #1 - PRODUCCIÓN, PUBLICACIÓN, DISTRIBUCIÓN, MANUFACTURA, Y COPYRIGHT |
| Lugar de producción, publicación, distribución, manufactura |
Carlisle, PA., USA : |
| Nombre del productor, publicador, distribuidor |
The Banner of Truth Trust, |
| Fecha de producción, publicación, distribución, manufactura, o copyright |
[1980] |
| 264 #4 - PRODUCCIÓN, PUBLICACIÓN, DISTRIBUCIÓN, MANUFACTURA, Y COPYRIGHT |
| Fecha de producción, publicación, distribución, manufactura, o copyright |
© 1980 |
| 300 ## - DESCRIPCIÓN FÍSICA |
| Extensión |
261 páginas |
| Dimensiones |
; 18 cm |
| 336 ## - TIPO DE CONTENIDO |
| Término de tipo de contenido |
texto |
| Código de tipo de contenido |
txt |
| Fuente |
rdacontent |
| 337 ## - TIPO DE MEDIO |
| Fuente |
rdamedia |
| Nombre del tipo de medio |
sin mediación |
| Código del tipo de medio |
n |
| 338 ## - TIPO DE SOPORTE |
| Fuente |
rdacarrier |
| Nombre del tipo de soporte |
volumen |
| Código Tipo de soporte |
nc |
| 520 ## - NOTA DE RESUMEN, ETC. |
| Nota de sumario, etc. |
Él [Calvino] escribió a reyes y príncipes, reformadores y amigos, nobleza y gente común por igual. Sus cartas abordan asuntos de Estado, pero también los problemas más mundanos de la vida cotidiana, y en todas ellas se revela un hombre de profunda inquietud pastoral, consecuente y ejemplar celo evangelizador, con un humilde sentido de la autoridad final de Dios y de su Palabra. Esta selección, elegida de la traducción del siglo XIX, contiene varias cartas escritas en relación con el establecimiento de la Reforma en Inglaterra, una muestra representativa de la correspondencia de Calvino con sus amigos íntimos, especialmente William Farel, y también con Lutero y Melanchton. También hay cartas de consejo y aliento pastoral, y quizás lo más conmovedor de todo, las exhortaciones de Calvino a cinco jóvenes encarcelados en Lyon, Francia. |
| 563 ## - NOTA DE ENCUADERNACIÓN |
| Nota de encuadernación |
Rústico |
| 653 ## - TÉRMINO DE INDIZACIÓN - NO CONTROLADO |
| Término no controlado |
Juan Calvino 1509-1564 |
| 653 ## - TÉRMINO DE INDIZACIÓN - NO CONTROLADO |
| Término no controlado |
Iglesia reformada |
| 942 ## - TIPO DE MATERIAL (KOHA) |
| Tipo de Item KOHA |
Libros General |
| 945 ## - INFORMACIÓN LOCAL DEL REGISTRO |
| Catalogador |
JTF-925 |